| 000 | 00000nam##2200000za#4500 |
| 001 | 9.571509 |
| 003 | CaOODSP |
| 005 | 20210624182746 |
| 007 | cr ||||||||||| |
| 008 | 150406|2000||||xxc|||||o f|0| 0 eng|d |
| 040 | |aCaOODSP|beng |
| 043 | |an-cn--- |
| 086 | 1 |aEn152-2/2-2000E-PDF |
| 110 | 1 |aCanada. |bEnvironment Canada. |bQuebec Region. |
| 245 | 10|aIn-plant pollution prevention : |h[electronic resource]|bSimplified Process Audit (SPA) - model plant |
| 260 | |aMontreal - Quebec : |bEnvironment Canada. |c2000. |
| 300 | |a4p. |
| 490 | 1 |aP2 fact sheets |
| 500 | |aThe catalogue number (En152-2/2-2000E) and ISBN (0-662-29708-3) for the print edition have been incorrectly copied in this electronic publication. |
| 590 | |a11-17-Supp|b2011-09-12 |
| 690 | 07|aPollution|2gcpds |
| 690 | 07|aIndustrial buildings|2gcpds |
| 690 | 07|aModels|2gcpds |
| 775 | 08|tPrévention de la pollution en usine : |w(CaOODSP)9.602101 |
| 776 | 0#|tIn-plant pollution prevention : |w(CaOODSP)9.615430 |
| 830 | #0|aP2 fact sheets.|w(CaOODSP)9.506478 |
| 856 | 40|ahttp://publications.gc.ca|qPDF|s188 KB|uhttps://publications.gc.ca/collections/Collection/En152-2-2-2000E.pdf |